Focus on seafood

Bibliographic Details
Main Author: Barrett, Harry
Format: Book
Published: England : Wayland , 1986
Series:Focus on Resources Series
Subjects:

MARC

LEADER 00000cam a2200000 7i4500
001 0000004474
002 000004818
005 .0
020 |a 0850786568 
090 0 0 |a J 338.3727092   |b BAR 
100 1 |a Barrett, Harry 
245 1 0 |a Focus on seafood   |c Harry Barrett 
260 |a England :   |b Wayland ,   |c 1986 
300 |a 48 p. :   |b ill ;   |c 22 cm. 
490 0 |a Focus on Resources Series 
650 0 0 |a Fisheries   |x Juvenile literature 
999 |a 032798   |b BUKU   |c JUNIOR REFERENCE   |e PERPUSTAKAAN KOMUNITI PETALING JAYA